[Event "SB-2012-0-00264"]
[Site "LSS email"]
[Date "2012.11.06"]
[Round "?"]
[White "Komissarov, Yaroslav"]
[Black "Gudichsen, Goran"]
[Result "1/2-1/2"]
[WhiteElo "1567"]
[BlackElo "1864"]
[PlyCount "57"]
[EventDate "2012.10.26"]
[EventType "tourn (corr)"]
[EventRounds "6"]
[EventCountry "GER"]
[SourceTitle "Telechess CBM 161"]
[Source "ChessBase"]
[SourceDate "2014.07.16"]
[SourceVersion "1"]
[SourceVersionDate "2014.07.16"]
[SourceQuality "1"]

1. e4 c6 2. c4 d5 3. cxd5 cxd5 4. exd5 Nf6 5. Bb5+ Nbd7 6. Nc3 g6 7. d4 Bg7 8. d6 exd6 9. Qe2+ Qe7 10. Bf4 Qxe2+ 11. Ngxe2 Ke7 12. 0-0-0 Nb6 13. Rhe1 Be6 14. Kb1 a6 15. Bd3 Kd7 16. f3 Nbd5 17. Bg5 Rhe8 18. Nxd5 Nxd5 19. Nf4 Nxf4 20. Bxf4 f5 21. d5 Bg8 22. Bc4 Be5 23. g3 Rac8 24. Bb3 Bxf4 25. gxf4 Bf7 26. a4 Rxe1 27. Rxe1 Rc5 28. Rd1 Kc7 29. Rd4 1/2-1/2

[Event "SB-2012-0-00256"]
[Site "LSS email"]
[Date "2012.10.11"]
[Round "?"]
[White "Schulz, Hans Juergen"]
[Black "Gudichsen, Goran"]
[Result "1/2-1/2"]
[WhiteElo "1709"]
[BlackElo "1864"]
[PlyCount "70"]
[EventDate "2012.09.19"]
[EventType "tourn (corr)"]
[EventRounds "6"]
[EventCountry "GER"]
[SourceTitle "Telechess CBM 161"]
[Source "ChessBase"]
[SourceDate "2014.07.16"]
[SourceVersion "1"]
[SourceVersionDate "2014.07.16"]
[SourceQuality "1"]

1. e4 c6 2. d4 d5 3. e5 Bf5 4. Nf3 e6 5. Be2 c5 6. Be3 cxd4 7. Nxd4 Ne7 8. c4 Nbc6 9. Qa4 a6 10. Nc3 dxc4 11. 0-0-0 Qc8 12. Nxf5 Nxf5 13. Bb6 Bb4 14. Bf3 Be7 15. Rhe1 0-0 16. Qxc4 Nh4 17. Kb1 Nxf3 18. gxf3 Bd8 19. Na4 Bc7 20. f4 Rb8 21. Qe4 Rd8 22. Rc1 Qd7 23. Nc5 Qe7 24. Bxc7 Qxc7 25. Rg1 Qe7 26. Qg2 g6 27. Ne4 Rd3 28. Qf1 Rbd8 29. Rg3 R3d4 30. Nf6+ Kg7 31. Rh3 Rh8 32. Qg1 h5 33. Qg5 Qd8 34. Rxh5 Rxh5 35. Nxh5+ Kf8 1/2-1/2

[Event "RC-2012-0-00096"]
[Site "LSS email"]
[Date "2012.05.15"]
[Round "?"]
[White "Semenov, Stanislav"]
[Black "Gudichsen, Goran"]
[Result "1-0"]
[WhiteElo "1782"]
[BlackElo "1809"]
[PlyCount "71"]
[EventDate "2012.01.25"]
[EventType "tourn (corr)"]
[EventRounds "6"]
[EventCountry "GER"]
[SourceTitle "Telechess CBM 155"]
[Source "ChessBase"]
[SourceDate "2013.07.16"]
[SourceVersion "1"]
[SourceVersionDate "2013.07.16"]
[SourceQuality "1"]

1. e4 d5 2. exd5 Qxd5 3. Nc3 Qd6 4. d4 Nf6 5. Nf3 c6 6. Bd3 g6 7. 0-0 Bg7 8. Re1 0-0 9. h3 Na6 10. Bxa6 bxa6 11. Na4 Nd5 12. c3 Bf5 13. Nc5 Rfe8 14. Nxa6 Nc7 15. Nc5 Qd5 16. Qb3 Ne6 17. Na6 Qd6 18. Ne5 Red8 19. Nxf7 Kxf7 20. g4 Qd5 21. gxf5 gxf5 22. Nb4 Qxb3 23. axb3 c5 24. Nc6 Rd7 25. dxc5 Rc7 26. Ne5+ Bxe5 27. Rxe5 Rxc5 28. Rxc5 Nxc5 29. Be3 Nxb3 30. Ra3 f4 31. Bxf4 Nc5 32. Be3 Nd3 33. b3 a5 34. Kf1 Ke6 35. Ke2 Ne5 36. f4 1-0

[Event "RC-2012-0-00096"]
[Site "LSS email"]
[Date "2012.05.08"]
[Round "?"]
[White "Draba, Henryk"]
[Black "Gudichsen, Goran"]
[Result "0-1"]
[WhiteElo "1587"]
[BlackElo "1809"]
[PlyCount "110"]
[EventDate "2012.01.25"]
[EventType "tourn (corr)"]
[EventRounds "6"]
[EventCountry "GER"]
[SourceTitle "Telechess CBM 153"]
[Source "ChessBase"]
[SourceDate "2013.03.14"]
[SourceVersion "1"]
[SourceVersionDate "2013.03.14"]
[SourceQuality "1"]

1. d4 d5 2. c4 e6 3. Bf4 Nf6 4. Nc3 Nbd7 5. e3 c5 6. Nf3 cxd4 7. exd4 dxc4 8. Bxc4 Nb6 9. Bb3 Bd6 10. Be5 0-0 11. 0-0 Qe7 12. Qd3 Rd8 13. Rfe1 Bxe5 14. Nxe5 Bd7 15. f4 Qd6 16. Rac1 Be8 17. Red1 Rac8 18. f5 exf5 19. Qxf5 Qb4 20. Qf2 h6 21. Rd3 Nbd7 22. Ng6 Nc5 23. Ne7+ Kf8 24. dxc5 Rxd3 25. Ncd5 Nxd5 26. Nxc8 Rd2 27. a3 Qa5 28. Qe1 Bc6 29. Nxa7 Nf4 30. Nxc6 bxc6 31. Kh1 Nd3 32. Qf1 Qc7 33. Rc3 Qe7 34. Rxd3 Rxd3 35. Bxf7 Re3 36. Bc4+ Ke8 37. Qf2 Re1+ 38. Bf1 Qe3 39. Qxe3+ Rxe3 40. Kg1 Rb3 41. a4 Rxb2 42. a5 Ra2 43. a6 Kd7 44. h3 Rc2 45. Bd3 Rxc5 46. Kf2 Ra5 47. Ke3 Ra4 48. g3 Kd6 49. Kd2 Kc5 50. Ke3 Kd5 51. Bf1 c5 52. Bg2+ Kc4 53. Bb7 Kc3 54. g4 c4 55. Ke2 Kb2 0-1